000 00350nam a2200145Ia 4500
008 220803s9999 xx 000 0 und d
020 _a9780415538213
041 _aeng
082 _a155.5'1 MAN
100 _aManzo L C Ed.
_924758
245 _aPlace Attachment
260 _aNew York
_bTaylor And Francis
_c2014
300 _a218p
500 _aENVIR
999 _c15647
_d15647